Thalys stations Dortmund - Paris - Statistics

General Stats
  • This quiz has been taken 54 times
  • The average score is 9 of 10
Answer Stats
Country City % Correct
Germany Dortmund Hbf
100%
France Paris-Nord
100%
Belgium Bruxelles-Midi
98%
Germany Köln Hbf
92%
Germany Düsseldorf Flughafen
88%
Germany Düsseldorf Hbf
88%
Belgium Liège-Guillemins
88%
Germany Essen Hbf
83%
Germany Aachen Hbf
79%
Germany Duisburg Hbf
65%
No matching quizzes found
Score Distribution
Percent of People with Each Score
Percentile by Number Answered
Your Score History
You have not taken this quiz